000 01541nam a2200373 a 4500
001 ELB86966
003 FlNmELB
006 m o d |
007 cr cn|||||||||
008 201201r2011 ag |||||s|||||||||||spa d
024 8 _z7.20121E+12
035 _a(MiAaPQ)EBC3204252
035 _a(Au-PeEL)EBL3204252
035 _a(CaPaEBR)ebr10625412
035 _a(OCoLC)929394911
040 _aFlNmELB
_bspa
_cFlNmELB
050 4 _aG1
_bF287 2011
080 _a55
082 0 4 _a55
_222
100 1 _aFazzito, Sabrina Yesica.
245 1 0 _aEstudios geofísicos aplicados a la neotectónica de la falla El Tigre, precordillera de San Juan
_h[recurso electronico]
_cSabrina Yesica Fazzito.
260 _aBuenos Aires :
_bUniversidad de Buenos Aires,
_c2011.
300 _a292 p.
500 _aTesis (doctorado)- Universidad de Buenos Aires.
520 _aCaracteriza la cinemática, la estructura y la deformación de uno de los rasgos estructurales en la Precordillera Centro-Occidental de San Juan con actividad neotectónica.
533 _aRecurso electrónico. Santa Fe, Arg.: e-libro, 2015. Disponible vía World Wide Web. El acceso puede estar limitado para las bibliotecas afiliadas a e-libro.
650 4 _aScience.
_xEarth sciences.
_xGeology.
650 4 _aCiencias.
_xCiencias de la Tierra.
_xGeografía.
655 4 _aLibros electrónicos.
700 1 _aRapalini, Augusto Ernesto.
_4drt
700 1 _aCortés, José María.
710 2 _ae-libro, Corp.
856 4 0 _uhttps://elibro.net/ereader/usam/86966
999 _c152454
_d152454